En Costa Rica no hay libertad sindical /

Sin resumen

Guardado en:
Bibliografiske detaljer
Hovedforfatter: Gutiérrez Rodríguez, Luis Armando
Format: Texto
Fag:
Tags: Tilføj Tag
Ingen Tags, Vær først til at tagge denne postø!

MARC

LEADER 00000 a a2200000 04500
001 33
003
040
100 |a Gutiérrez Rodríguez, Luis Armando  
245 |a En Costa Rica no hay libertad sindical /  |c Luis Armando Gutiérrez Rodríguez 
520 |a Sin resumen  
650 |a SINDICATOS  
650 |a TRABAJADORES  
650 |a SINDICALISMO  
650 |a LEGISLACION  
773 |g número 13 -14; páginas 177-183  
999 |c 31031  |d 31031